000 00590nam a2200217 u 4500
005 20240228064110.0
008 121112s2008 r 000 0 eng d
020 _a9781432904036
035 _aUPN01000188436
049 _aI
050 4 _aBF723 F6.8
_bM3.3
100 1 _aMayer, Cassie
_932877
245 1 0 _aHacer amigos /
_cCassie Mayer.
260 _aChicago, EUA :
_bHeinemann,
_cc2008.
300 _a24 p. :
_bil. col.
440 0 _aCivismo
650 7 _aAmistad entre niños
_2
_94319
650 4 _aLibros y lectura para niños
_92290
905 _aInfantil
999 _c160539
_d160539